000 00802nam a2200265 i 4500
003 DO-SdBNP
005 20250612111136.0
007 ta
008 250612b1963 sp ||||| |||| 00| 0 spa d
040 _aDO-SdBNP
_bspa
_cBNPHU
_erda
041 _aspa
082 4 _axxx
_bxxx
_222
100 _aLouys, Pierre,
_eautor
_4aut.
_988085
245 1 4 _aLas canciones de bilitis /
_cPierre Louys ; traducción, Juan B. Bergua
246 1 3 _aLa mujer y el pelele
264 1 _aMadrid, España :
_bImprenta Sáez,
_c1963.
336 _atexto
_btxt
_2rdacontent
337 _asin mediación
_bn
_2rdamedia
338 _avolumen
_bnc
_2rdacarrier
490 _aClásicos Literario
_v5
490 _aClásicos Bergua
700 _aBergua, Juan B.,
_etraductor
_4tr.
_988086
910 _aBtavárez
942 _2ddc
_cLBS1
999 _c59254
_d59254